[Event "GER-chT U20 Girls"]
[Site "Muenster"]
[Date "2022.12.28"]
[Round "3"]
[White "Yilmaz, Zilan"]
[Black "Kuran, Olivia"]
[Result "0-1"]
[WhiteElo "696"]
[BlackElo "1096"]
[PlyCount "64"]
[EventDate "2022.12.26"]
[EventType "team-swiss"]
[EventRounds "7"]
[EventCountry "GER"]
[SourceTitle "CBM 212 Extra"]
[Source "ChessBase"]
[SourceDate "2023.03.31"]
[SourceVersion "1"]
[SourceVersionDate "2023.03.31"]
[SourceQuality "1"]
[WhiteTeam "Bad Oldesloe"]
[BlackTeam "Karlsruhe II"]
[WhiteTeamCountry "GER"]
[BlackTeamCountry "GER"]

1. e4 e5 2. Nf3 Nc6 3. Bc4 Bc5 4. c3 Nf6 5. Nxe5 Nxe5 6. d4 Nxc4 7. dxc5 0-0 8. 0-0 Re8 9. f3 b6 10. b3 Na5 11. cxb6 axb6 12. Nd2 d6 13. b4 Nc6 14. Re1 Be6 15. c4 Nxb4 16. a3 Nd3 17. Re3 Nxc1 18. Qxc1 Nd7 19. f4 f6 20. Qd1 f5 21. Rh3 fxe4 22. Rh4 Qxh4 23. g3 Qd8 24. f5 Bxf5 25. g4 Qg5 26. Kh1 Bxg4 27. Qxg4 Qxg4 28. Rg1 e3 29. Rxg4 exd2 30. Rd4 Re1+ 31. Kg2 d1Q 32. Rxd1 Rxd1 0-1